000 00617nam a2200217Ia 4500
005 20250508165023.0
008 008 250505s9999 xx 000 0 eng d
020 _a0-87692-779-7
037 _aTextual
040 _aFEDL
_beng
_cFEDL
041 _aeng
_2eng
084 _a001.6424, RAN
_qFEDL
100 _aRandall Peter G
_9779722
245 0 _aLotus guide to 1-2-3 release 3.1+
260 _aNew Delhi, India
_bPrentice Hall of India Private Limited
_c1992
300 _axv,749p.
365 _aINR
_b150
546 _aMACESE
942 _cTEXL
_h001.6424, RAN
999 _c1392703
_d1392703